| 000 | 01759cam a2200505 i 4500 | ||
|---|---|---|---|
| 001 | 32050 | ||
| 003 | KOSZ 005 | ||
| 005 | 20250701100516.0 | ||
| 008 | 250701s1993 pl a f 000 0 pol | ||
| 015 | _aUWD 1995/12425 | ||
| 020 | _a838576903X | ||
| 035 | _a991000250219705066 | ||
| 035 | _a(PL-WaBN)b10110331-48omnis_nlop | ||
| 035 | _ab10110331 | ||
| 035 | _a(OCoLC)297740376 | ||
| 035 | _a(PL)b0000001011033 | ||
| 035 | _a(EXLNZ-48OMNIS_NETWORK)9910247426905606 | ||
| 040 |
_aWA N _cWA N _dKOSZ 005/HR _dKOSZ 005/RW |
||
| 046 | _k1993 | ||
| 080 | _a004.032.26 | ||
| 100 | 1 |
_aTadeusiewicz, Ryszard _d(1947- ) _eAutor |
|
| 245 | 1 | 0 |
_aSieci neuronowe / _cRyszard Tadeusiewicz. |
| 250 | _aWydanie II. | ||
| 260 |
_aWarszawa : _bAkademicka Oficyna Wydawnicza RM, _c1993. |
||
| 300 |
_a[6], 195 stron : _bilustracje ; _c24 cm. |
||
| 336 |
_aTekst _btxt _2rdacontent |
||
| 337 |
_aBez urządzenia pośredniczącego _bn _2rdamedia |
||
| 338 |
_aWolumin _bnc _2rdacarrier |
||
| 380 | _aKsiążki | ||
| 380 | _aPublikacje fachowe | ||
| 380 | _aPublikacje naukowe | ||
| 388 | 1 | _a1901-2000 | |
| 388 | 1 | _a1989-2000 | |
| 490 | 1 | _aProblemy Współczesnej Nauki i Techniki. Informatyka | |
| 504 | _aBibliografia na stronach [137]-195. | ||
| 650 | 7 |
_aSztuczna sieć neuronowa _2DBN |
|
| 650 | 7 |
_aZastosowanie i wykorzystanie _2DBN |
|
| 655 | 7 | _aOpracowanie | |
| 658 | _aInformatyka i technologie informacyjne | ||
| 710 | 2 |
_aAkademicka Oficyna Wydawnicza RM _4pbl |
|
| 830 | 0 |
_aProblemy Współczesnej Nauki i Techniki. _pInformatyka |
|
| 856 |
_uhttp://koha.tu.koszalin.pl/cgi-bin/koha/opac-detail.pl?biblionumber=32050 _yKatalog online BPK |
||
| 942 |
_2UKD _cKS |
||
| 999 |
_c32050 _d32050 |
||